• 首页
  • 本馆介绍
  • 公告通知
  • 最新文献
  • 馆藏检索
  • 电子资源
  • 读者导购
  • 参考咨询
  • 我的图书馆
  • 登录
  • 详细信息显示
  • 放入我的书架
  • 预约/预借图书
  • 作者相关作品
  • 分类相关作品
  • 丛书相关作品
  • 出版社相关作品

书目信息

  • 表格格式
  • 工作单格式
  • 卡片格式
题名:
美国记者眼中20世纪20年代的中国
    
 
作者: 阿班 著 ;王跃如 译
分册:  
出版信息: 北京   中国文史出版社  2019
页数: 162页
开本: 23cm
丛书名: 近代世界对华印象
单 册:
中图分类: I712.55 , K258.06
科图分类:
主题词: 新闻--xin wen--作品集--美国--现代 , 中国历史--zhong guo li shi--近代史--史料--民国
电子资源:
ISBN: 978-7-5205-0641-0
000 01180oam2 2200289 450
001 2159249718
005 20210926145322.0
010    @a978-7-5205-0641-0@dCNY38.00
100    @a20190226d2019 em y0chiy50 ea
101 1  @achi@ceng
102    @aCN@b110000
105    @ay z 000yy
106    @ar
200 1  @a美国记者眼中20世纪20年代的中国@Amei guo ji zhe yan zhong 20shi ji 20nian dai de zhong guo@f(美)哈雷特·阿班著@g王跃如译
210    @a北京@c中国文史出版社@d2019
215    @a162页@d23cm
225 2  @a近代世界对华印象@Ajin dai shi jie dui hua yin xiang
330    @a本书原书为《纽约时报》驻华首席记者哈雷特·阿班描写的上世纪二十年代末期中国的情形。本书既有对军阀混战、苛捐杂税、天灾人祸等情况的描写, 也有对普通民众的生活图景、小客栈、外国商人等情况的描写。总之, 本书是一部了解二十世纪上叶中国社会的佳作。
461  0 @12001 @a近代世界对华印象
606 0  @a新闻@Axin wen@x作品集@y美国@z现代
606 0  @a中国历史@Azhong guo li shi@x近代史@j史料@z民国
690    @aI712.55@v5
690    @aK258.06@v5
701  0 @c(美)@a阿班@Aa ban@b哈雷特@4著
702  0 @a王跃如@Awang yue ru@4译
801  0 @aCN@b百万庄@c20210926
905    @b1299176-79@dI712.55@e1437@f4
    
    美国记者眼中20世纪20年代的中国/(美)哈雷特·阿班著/王跃如译.-北京:中国文史出版社,2019
    162页;23cm.-(近代世界对华印象)
    
    
    ISBN 978-7-5205-0641-0:CNY38.00
    本书原书为《纽约时报》驻华首席记者哈雷特·阿班描写的上世纪二十年代末期中国的情形。本书既有对军阀混战、苛捐杂税、天灾人祸等情况的描写, 也有对普通民众的生活图景、小客栈、外国商人等情况的描写。总之, 本书是一部了解二十世纪上叶中国社会的佳作。
●
相关链接 在E读中查询图书 在五车中查询图书 在当当中查询图书 在豆瓣中查询图书


正题名:美国记者眼中20世纪20年代的中国     索取号:I712.55/1437         预约/预借

序号 登录号 条形码 馆藏地/架位号 状态 备注
1 1299176   212991761   第一样本阅览室/ [索取号:I712.55/1437] 在馆    
2 1299177   212991770   第二借阅区/ [索取号:I712.55/1437] 在馆    
3 1299178   212991789   第二借阅区/ [索取号:I712.55/1437] 在馆    
4 1299179   212991798   第二借阅区/ [索取号:I712.55/1437] 在馆    
唐山师范学院图书馆 欢迎您!
大连网信软件有限公司© 版权所有